Power Translator Professional Version 9.0 : englisch - deutsch - englisch
Saved in:
| Format: | Book |
|---|---|
| Language: | German English |
| Published: |
[S.l.] :
Eurowin Media,
2005
|
| Edition: | [1. Aufl.] |
| Subjects: | |
| ISBN: | 3937009930 |
| Online Access: |
|
| Tags: |
Add Tag
No Tags, Be the first to tag this record!
|
MARC
| LEADER | 00000nlm a2200000 4500 | ||
|---|---|---|---|
| 003 | SK-BrCVT | ||
| 005 | 20220617220735.0 | ||
| 008 | 070102s2005 gw e ||||||ger d | ||
| 020 | |a 3937009930 | ||
| 035 | |a CVTIDW1388063 | ||
| 040 | |b slo |a CVTI SR |e AACR2 | ||
| 041 | 0 | |a ger |a eng | |
| 044 | |a gw | ||
| 080 | |a 801.316.4:62=20=30=20 |2 UDC-MRF | ||
| 242 | 1 | 0 | |a Power Translator Professional |b verzia 9.0 |y slo |
| 245 | 1 | 0 | |a Power Translator Professional |h [elektronický zdroj] : |b Version 9.0 : englisch - deutsch - englisch |
| 250 | |a [1. Aufl.] | ||
| 260 | |a [S.l.] : |b Eurowin Media, |c 2005 | ||
| 300 | |a 1 CD-ROM | ||
| 653 | 1 | |a odborný slovník |a elektrotechnika |a elektronika |a informatika |a strojárstvo |a odborný prekladač | |
| 910 | |a BA002 |b Z000186 | ||
| 919 | |a 3-937009-93-0 | ||
| 974 | |f Knihy | ||
| 992 | |a ASL | ||
| 992 | |a JDC | ||
| 999 | |c 146564 |d 146564 | ||

